Die dingliche Sicherung der Einkünfte der Evangelischen Kirchengemeinde Prażuchy in der Diözese Kalisch im Jahre 1838
| Titel: | Die dingliche Sicherung der Einkünfte der Evangelischen Kirchengemeinde Prażuchy in der Diözese Kalisch im Jahre 1838 |
|---|---|
| Verfasser: | |
| Beteiligt: | |
| In: |
Zeitschrift für ostdeutsche Familiengeschichte, Band 59, Heft 4 (2011), Seite 250-270, Abb. alle Artikel anzeigen |
| Veröffentlicht: | 2011 |
| Format: | Aufsatz |
| Sprache: | Deutsch |
X
alg: 39267677 001A $01999:11-11-16 001B $01999:21-05-21 $t16:53:58.000 001C $06050:21-11-16 $t21:02:31.000 001D $01999:11-11-16 001U $0utf8 001X $00 002@ $0Aox 003@ $039267677X 007A $039267677X $aHEB 007T $0Herdc0096725m 010@ $ager 011@ $a2011 021A $aDie @dingliche Sicherung der Einkünfte der Evangelischen Kirchengemeinde Prażuchy in der Diözese Kalisch im Jahre 1838 028A $aFrantz $dJürgen 028B/01 $aPechner $dDieter 031A $d59 $e4 $h250-270, Abb. $j2011 039B $aIn $8--Abvc--. Zeitschrift für ostdeutsche Familiengeschichte. - Herne : AGoFF, 2010-. - ISSN 2190-7145 $x201100000590004750 $922184872X 045F $a307.09438 $eDDC23BSB 045F/01 $a307.09 045F/03 $g438 045F/03 $g43849 045T $a8 $a8,1 lok: 39267677 78 exp: 39267677 78 1 #EPN 201B/01 $019-04-17 $t11:28:23.000 201U/01 $0utf8 203@/01 $0788776118 208@/01 $a11-11-16 $be 209A/01 $a/ $f000 $x00 220C/01 $aTitelaufnehmer: pg 220C/01 $aHerkunft: HI Marburg 244Z/01 $2Trx $#Großpolen $#Greater Poland $#Velkopolsko $8--Trx--Wielkopolska $x01 $9391277227 244Z/01 $2Trx $#Poola $#Lenkija $#Polija $#Polen Land $#Poland $#Lengyelország $#Poľsko $#Polsko $8--Trx--Polska$gkraj $x02 $9391345966 244Z/01 $2Trx $#Prażuchy Stare;Prażuchy Nowe $8--Trx--Prażuchy$gKalisz $x03 $9391283863 244Z/01 $aGeschichte 1838 $x04 244Z/01 $2Trx $#kogudused $#parapijos $#parishes $#gyülekezetek $#parafie $#farnosti $#farnosti $#Pfarreien $#fary $8--Trx--Kirchengemeinden $x05 $9391369407 244Z/01 $2Trx $#kirikud, evangeelsed $#bažnyčios, evangelikų $#Churches, Protestant $#templomok, evangélikus $#kościoły ewangelickie $#cirkvi evanjelické $#církve evangelické $#kościół ewangelicko-augsburski $#kościół ewangelicko-luterański $#kościół luterański $8--Trx--Kirchen, evangelische $x06 $9391382926 244Z/01 $2Trx $#maksud ja väljamaksed $#mokesčiai ir duoklės $#taxes $#adók $#podatki i daniny $#dane a poplatky $#daně a poplatky $#Abgaben $#daniny $#poplatky $#poplatky $8--Trx--Steuern und Abgaben $x07 $9391375865 244Z/01 $2Trx $8--Trx--Zeitschriftenaufsatz $x08 $9391384341 245Z/01 $a13.03 $x01 245Z/01 $a10.02.02.02 $x02 247C/01 $82080>Marburg/Lahn, Herder-Institut, Forschungsbibliothek, Bibliographieportal $9336309341
| LEADER | 00000caa a22000002c 4500 | ||
|---|---|---|---|
| 001 | 39267677X | ||
| 003 | DE-603 | ||
| 005 | 20210521165358.0 | ||
| 007 | tu | ||
| 008 | 161111s2011 xx |||| | u00||u|ger c | ||
| 035 | |a (DE-599)HEB39267677X | ||
| 040 | |a DE-603 |b ger |c DE-603 |d DE-603 | ||
| 041 | |a ger | ||
| 082 | 0 | 4 | |8 1\u |a 307.09438 |q DE-101 |2 23/BSB |
| 084 | |a 8 |a 8,1 |2 ssgn | ||
| 085 | |8 1\u |b 307.09 | ||
| 085 | |8 1\u |z 2 |s 438 | ||
| 085 | |8 1\u |z 2 |s 43849 | ||
| 100 | 1 | |a Frantz, Jürgen | |
| 245 | 0 | 0 | |a Die dingliche Sicherung der Einkünfte der Evangelischen Kirchengemeinde Prażuchy in der Diözese Kalisch im Jahre 1838 |
| 264 | 0 | |c 2011 | |
| 700 | 1 | |a Pechner, Dieter | |
| 773 | 0 | 8 | |i In |t Zeitschrift für ostdeutsche Familiengeschichte |d Herne : AGoFF, 2010- |h 24 cm |x 2190-7145 |g Band 59, Heft 4 (2011), Seite 250-270, Abb. |w (DE-603)22184872X |w (DE-600)2545295-2 |
| 924 | 0 | |9 2080 |a (DE-603)788776118 |b DE-2080 |c HES |d d |g / | |


